000 00921nam a22001817a 4500
008 230123b2022 |||||o||||s00| 0 eng d
110 2 _96155
_aWelsh Government
245 _aRenting homes
_b: model written statements
_c[Electronic resource]
260 _bWelsh Government,
_c17 May 2022
520 _aLandlords in Wales can use these to create new contracts with tenants of residential properties from 1 December 2022. Versions available in Word and .pdf as per Schedule 2 to the Renting Homes (Model Written Statements of Contract) (Wales) Regulations 2022
650 _aLandlord and Tenant
650 _aRenting Homes (Model Written Statements of Contract) (Wales) Regulations 2022
650 _aTenancy agreements
651 _aWales
690 _96252
_aLandlord and tenant
710 2 _96155
_aWelsh Government
856 _uhttps://www.gov.wales/renting-homes-model-written-statements
_zAvailable on .gov.wales
999 _c121324
_d121324